Álgebra y geometría lineal /
Guardado en:
| Autor Principal: | |
|---|---|
| Otros Autores: | , |
| Formato: | Libro |
| Idioma: | Spanish |
| Publicado: |
Barcelona ; Buenos Aires :
Reverté,
2007.
|
| Acceso en línea: | Prólogo e índice general (PDF) |
| Etiquetas: |
Agregar Etiqueta
Sin Etiquetas, Sea el primero en etiquetar este registro!
|
| LEADER | 01933nam a22002055a 4500 | ||
|---|---|---|---|
| 001 | MAT.inmabb006737 | ||
| 008 | 120905s2007####sp#######b####000#0#spa#d | ||
| 005 | 20120914133042.0 | ||
| 245 | 1 | 0 | |a Álgebra y geometría lineal / |c Andrés Raya, Alfonso Ríder, Rafael Rubio. |
| 260 | |a Barcelona ; |a Buenos Aires : |b Reverté, |c 2007. | ||
| 300 | |a 508 p. ; |c 24 cm. | ||
| 504 | |a Incluye referencias bibliográficas (p. 507-508). | ||
| 505 | 0 | |a 1. Vectores libres -- 2. Espacios vectoriales -- 3. Subespacios vectoriales -- 4. Sistemas generadores -- 5. Espacios de generación finita -- 6. Aplicaciones lineales -- 7. Suma directa -- 8. Dimensión y codimensión de subespacios -- 9. Espacios cociente -- 10. Subespacios y aplicaciones afines -- 11. Matrices y sus operaciones -- 12. Rango de una matriz -- 13. Determinantes -- 14. Aplicaciones lineales en dimensión finita -- 15. Sistemas lineales -- 16. Dualidad -- 17. Trasposición de aplicaciones lineales -- 18. Cambios de bases -- 19. Equivalencia y semejanza de matrices -- 20. Clasificación de endomorfismos lineales. Preliminares -- 21. Autovalores y autovectores de un endomorfismo lineal -- 22. Triangulación y diagonalización de endomorfismos -- 23. Polinomio mínimo de un endomorfismo -- 24. Descomposición primaria -- 25. Introducción a las formas de Jordan -- 26. Endomorfismos nilpotentes -- 27. El teorema de Jordan -- 28. Espacios vectoriales complejos -- 29. Endomorfismos de espacios reales -- 30. Espacios afines -- 31. Coordenadas en espacios afines -- 32. Aplicaciones afines -- 33. El grupo afín. Cambio de coordenadas -- 34. Simetrías, traslaciones y homotecias. | |
| 020 | |a 9788429150384 | ||
| 100 | 1 | |a Raya, Andrés. | |
| 700 | 1 | |a Ríder, Alfonso. | |
| 700 | 1 | |a Rubio, Rafael. | |
| 084 | |a 15-01 (51-01) |2 msc2000 | ||
| 856 | |u http://www.reverte.com/catalogo/img/pdfs/9788429150384.pdf |y Prólogo e índice general (PDF) | ||
| 859 | |h 15 |i R264 |p A-8777 |b BIB. MATEMATICA | ||
